Online
Catalog

Instituciones romanas / (Record no. 6427)

MARC details
000 -CABECERA
campo de control de longitud fija 00887cam a2200277 a 4500
001 - NÚMERO DE CONTROL
campo de control 000006637
005 - FECHA Y HORA DE LA ÚLTIMA TRANSACCIÓN
campo de control 20200929153949.0
008 - DATOS DE LONGITUD FIJA--INFORMACIÓN GENERAL
campo de control de longitud fija 831018s1942 sp ab 001 0 spa d
035 ## - NÚMERO DE CONTROL DEL SISTEMA
Número de control de sistema (DLC) 49034520
040 ## - FUENTE DE LA CATALOGACIÓN
Centro catalogador/agencia de origen DO-SdBNP
Centro/agencia transcriptor CarP
Centro/agencia modificador DLC
-- BNPHU
082 ## - NÚMERO DE LA CLASIFICACIÓN DECIMAL DEWEY
Número de clasificación 937.02
Número de documento/Ítem B651, 1942
049 ## - FONDOS LOCALES (OCLC)
Fondos de biblioteca BNGR
100 1# - ENTRADA PRINCIPAL--NOMBRE DE PERSONA
Nombre de persona Bloch, Leo,
Fechas asociadas al nombre 1864-1920.
9 (RLIN) 18431
245 10 - MENCIÓN DE TÍTULO
Título Instituciones romanas /
Mención de responsabilidad, etc. Leo Bloch ; traducción Guillermo Zotter.
250 ## - MENCIÓN DE EDICIÓN
Mención de edición 2a ed.
260 ## - PUBLICACIÓN, DISTRIBUCIÓN, ETC.
Lugar de publicación, distribución, etc. Barcelona :
Nombre del editor, distribuidor, etc. Labor,
Fecha de publicación, distribución, etc. 1942.
300 ## - DESCRIPCIÓN FÍSICA
Extensión 229, (vxi) p. :
Otras características físicas il. ;
Dimensiones 19 cm.
490 1# - MENCIÓN DE SERIE
Mención de serie Labor
Designación de volumen o secuencia 6/247
490 1# - MENCIÓN DE SERIE
Mención de serie Ciencias históricas
651 #4 - PUNTO DE ACCESO ADICIONAL DE MATERIA--NOMBRE GEOGRÁFICO
Nombre geográfico Roma
Subdivisión general Historia
9 (RLIN) 10862
651 #4 - PUNTO DE ACCESO ADICIONAL DE MATERIA--NOMBRE GEOGRÁFICO
Nombre geográfico Roma
Subdivisión general Política Y Gobierno
9 (RLIN) 18432
651 #4 - PUNTO DE ACCESO ADICIONAL DE MATERIA--NOMBRE GEOGRÁFICO
Nombre geográfico Roma
Subdivisión general Condiciones Sociales
9 (RLIN) 18433
700 1# - PUNTO DE ACCESO ADICIONAL--NOMBRE DE PERSONA
Nombre de persona Zotter, Guillermo,
Término indicativo de función/relación tr.
9 (RLIN) 18434
830 #0 - PUNTO DE ACCESO ADICIONAL DE SERIE-TÍTULO UNIFORME
Título uniforme Labor ;
Designación de volumen o secuencia 6/247
Nombre de parte o sección de la obra Ciencias históricas.
9 (RLIN) 18435
910 ## - DATOS DE OPCIÓN DEL USUARIO (OCLC)
Datos de opción del usuario Catalogación por copia / LC
Holdings
Estado de retiro Estado de pérdida Restricciones de uso No para préstamo Código de colección Localización permanente Ubicación/localización actual Ubicación en estantería Fecha de adquisición Número de inventario Total de préstamos Signatura topográfica completa Código de barras Fecha visto por última vez Precio válido a partir de Tipo de ítem Koha
    Préstamo interno   Monografías: Libros y Folletos General General En catalogación 01.09.2009 LF1   937.02 B651, 1942 6637-10 25.06.2020 25.06.2020 Préstamo interno

Powered by Koha